000 00378nam a2200145 i 4500
001 bg
100 1 _aKOZERA, Bożenna
245 0 _aWykładziny podłogowe z tworzyw sztucznych /
_cBożenna Kozera, Zenobiusz Czech.
260 _aWarszawa,
_c1977.
700 1 _aCZECH, Zenobiusz
040 _cBPK
041 _apol
942 _cKS
008 s pl f |000 0 pol
999 _c27045
_d27045
856 _uhttp://koha.tu.koszalin.pl/cgi-bin/koha/opac-detail.pl?biblionumber=27045
_yKatalog online BPK